Az IT munkavállalók motivációjának és elégedettségének vizsgálata a Nokia Solutions and Networks Kft.-nél

Bibliographic Details
Main Author: Ipolyi Bettina
Other Authors: Szászvári Dr. Karina Ágnes
Format: Thesis
Kulcsszavak:Motiváció
Dolgozói elégedettség
IT munkavállaló
Online Access:http://dolgozattar.uni-bge.hu/9108

MARC

LEADER 00000nta a2200000 i 4500
001 dolg9108
005 20161216115845.0
008 161216suuuu hu om 000 hun d
040 |a BGE Dolgozattár Repozitórium  |b hun 
041 |a hu 
100 1 |a Ipolyi Bettina 
245 1 3 |a Az IT munkavállalók motivációjának és elégedettségének vizsgálata a Nokia Solutions and Networks Kft.-nél  |c Ipolyi Bettina  |h [elektronikus dokumentum] 
695 |a Motiváció 
695 |a Dolgozói elégedettség 
695 |a IT munkavállaló 
700 1 |a Szászvári Dr. Karina Ágnes  |e ths 
856 4 0 |u http://dolgozattar.uni-bge.hu/9108/1/Ipolyi%20Bettina%20-%20szakdolgozat.pdf  |z Dokumentum-elérés 
856 4 0 |u http://dolgozattar.uni-bge.hu/9108/2/titkos%C3%ADt%C3%A1si%20k%C3%A9relem.pdf  |z Dokumentum-elérés 
856 4 0 |u http://dolgozattar.uni-bge.hu/9108/13/hpqscan0002.pdf  |z Dokumentum-elérés